Natural resources and conflict in Africa : (Record no. 126284)
[ view plain ]
| 000 -LEADER | |
|---|---|
| fixed length control field | 01597cam a22003134a 4500 |
| 001 - CONTROL NUMBER | |
| control field | 14765191 |
| 003 - CONTROL NUMBER IDENTIFIER | |
| control field | ARRUPE |
| 005 - DATE AND TIME OF LATEST TRANSACTION | |
| control field | 20170315082527.0 |
| 008 - FIXED-LENGTH DATA ELEMENTS--GENERAL INFORMATION | |
| fixed length control field | 070312s2007 nyu b 001 0 eng |
| 010 ## - LIBRARY OF CONGRESS CONTROL NUMBER | |
| LC control number | 2007009863 |
| 020 ## - INTERNATIONAL STANDARD BOOK NUMBER | |
| International Standard Book Number | 9781580462679 (hardcover : alk. paper) |
| 020 ## - INTERNATIONAL STANDARD BOOK NUMBER | |
| International Standard Book Number | 1580462677 |
| 040 ## - CATALOGING SOURCE | |
| Original cataloging agency | DLC |
| Transcribing agency | DLC |
| Modifying agency | DLC |
| 043 ## - GEOGRAPHIC AREA CODE | |
| Geographic area code | f------ |
| 050 00 - LIBRARY OF CONGRESS CALL NUMBER | |
| Classification number | HC800.Z65 |
| Item number | A43 2007 |
| 082 00 - DEWEY DECIMAL CLASSIFICATION NUMBER | |
| Classification number | 303.6096 |
| Edition number | 22 |
| 300 ## - PHYSICAL DESCRIPTION | |
| Dimensions | 24 cm. |
| 100 1# - MAIN ENTRY--PERSONAL NAME | |
| Personal name | Alao, Abiodun. |
| 9 (RLIN) | 27542 |
| 245 10 - TITLE STATEMENT | |
| Title | Natural resources and conflict in Africa : |
| Remainder of title | the tragedy of endowment / |
| Statement of responsibility, etc | Abiodun Alao. |
| 260 ## - PUBLICATION, DISTRIBUTION, ETC. (IMPRINT) | |
| Place of publication, distribution, etc | Rochester, NY : |
| Name of publisher, distributor, etc | University of Rochester Press, |
| Date of publication, distribution, etc | 2007. |
| 300 ## - PHYSICAL DESCRIPTION | |
| Extent | xix,353 p. ; |
| 490 0# - SERIES STATEMENT | |
| Series statement | Rochester studies in African history and the Diaspora, |
| International Standard Serial Number | 1092-5228 ; |
| Volume number/sequential designation | v. 29 |
| 504 ## - BIBLIOGRAPHY, ETC. NOTE | |
| Bibliography, etc | Includes bibliographical references and index. |
| 505 0# - FORMATTED CONTENTS NOTE | |
| Formatted contents note | Natural resources and conflict in Africa : framework for understanding a linkage -- Political geography of natural resources in Africa -- Land and conflict -- The conflicts over solid minerals -- Conflicts involving oil -- Water and conflict -- Governance and natural resource conflicts. |
| 650 #0 - SUBJECT ADDED ENTRY--TOPICAL TERM | |
| Topical term or geographic name as entry element | Natural resources |
| Geographic subdivision | Africa. |
| 9 (RLIN) | 29371 |
| 650 #0 - SUBJECT ADDED ENTRY--TOPICAL TERM | |
| Topical term or geographic name as entry element | Natural resources |
| General subdivision | Political aspects |
| Geographic subdivision | Africa. |
| 9 (RLIN) | 29372 |
| 650 #0 - SUBJECT ADDED ENTRY--TOPICAL TERM | |
| Topical term or geographic name as entry element | Conflict management |
| Geographic subdivision | Africa. |
| 9 (RLIN) | 24500 |
| 856 41 - ELECTRONIC LOCATION AND ACCESS | |
| Materials specified | Table of contents only |
| Uniform Resource Identifier | <a href="http://www.loc.gov/catdir/toc/ecip0712/2007009863.html">http://www.loc.gov/catdir/toc/ecip0712/2007009863.html</a> |
| 906 ## - LOCAL DATA ELEMENT F, LDF (RLIN) | |
| a | 7 |
| b | cbc |
| c | orignew |
| d | 1 |
| e | ecip |
| f | 20 |
| g | y-gencatlg |
| 942 ## - ADDED ENTRY ELEMENTS (KOHA) | |
| Source of classification or shelving scheme | Library of Congress Classification |
| Koha item type | Monograph ( Printed materials) |
| Withdrawn status | Lost status | Source of classification or shelving scheme | Damaged status | Not for loan | Collection code | Home library | Current library | Shelving location | Date acquired | Total Checkouts | Full call number | Barcode | Date last seen | Date checked out | Price effective from | Koha item type |
|---|---|---|---|---|---|---|---|---|---|---|---|---|---|---|---|---|
| Library of Congress Classification | Main Collection | ARRUPE LIBRARY | ARRUPE LIBRARY | Main Collection | 15/03/2017 | 5 | HC800.Z65 A43 2007 | 46500025559 | 13/11/2023 | 30/10/2023 | 15/03/2017 | Monograph ( Printed materials) |